[Event "Oberliga Nord O 1819"]
[Site "Germany"]
[Date "2018.10.21"]
[Round "1.1"]
[White "Breier, Andreas"]
[Black "Rosenthal, Dirk"]
[Result "1/2-1/2"]
[WhiteElo "2362"]
[BlackElo "2403"]
[PlyCount "102"]
[EventDate "2018.10.21"]
[EventType "team-tourn"]
[EventRounds "9"]
[EventCountry "GER"]
[SourceTitle "EXT 2020"]
[Source "ChessBase"]
[SourceDate "2019.10.17"]
[SourceVersion "1"]
[SourceVersionDate "2019.10.17"]
[SourceQuality "1"]
[WhiteTeam "Koenig Tegel II"]
[BlackTeam "Oberschoeneweide"]
[WhiteTeamCountry "GER"]
[BlackTeamCountry "GER"]

1. d4 d5 2. c4 e6 3. Nc3 Nf6 4. cxd5 exd5 5. Bg5 Bb4 6. e3 h6 7. Bh4 g5 8. Bg3 Ne4 9. Rc1 h5 10. Qa4+ Nc6 11. Bb5 Bd7 12. f3 Bxc3+ 13. bxc3 Nxg3 14. hxg3 a6 15. Bxc6 Bxc6 16. Qc2 Qe7 17. Kf2 0-0-0 18. c4 Rhe8 19. Qd2 dxc4 20. Rxc4 f5 21. Ne2 Bb5 22. Rc2 f4 23. gxf4 Bxe2 24. Qxe2 gxf4 25. exf4 Qh7 26. Qd2 Rxd4 27. Rxc7+ Qxc7 28. Qxd4 Qc2+ 29. Kg1 Rg8 30. Qf2 Qc1+ 31. Kh2 Qxf4+ 32. g3 Qg5 33. Rd1 Kb8 34. Rd4 Rc8 35. Qd2 Qf6 36. Qf4+ Qxf4 37. gxf4 Rc5 38. Rd7 b5 39. Kg3 b4 40. Kf2 a5 41. Ke3 Kc8 42. Ra7 Kd8 43. Kd4 Rb5 44. Ke4 Ke8 45. f5 h4 46. Kf4 h3 47. Kg4 h2 48. Rh7 a4 49. Rxh2 b3 50. axb3 axb3 51. Rb2 Kf7 1/2-1/2

[Event "Oberliga Nord O 1718"]
[Site "Germany"]
[Date "2018.04.15"]
[Round "9.2"]
[White "Moeller, Hendrik"]
[Black "Breier, Andreas"]
[Result "1-0"]
[WhiteElo "2279"]
[BlackElo "2375"]
[PlyCount "95"]
[EventDate "2017.10.08"]
[EventType "team-tourn"]
[EventRounds "9"]
[EventCountry "GER"]
[SourceTitle "EXT 2019"]
[Source "ChessBase"]
[SourceDate "2018.10.10"]
[SourceVersion "1"]
[SourceVersionDate "2018.10.10"]
[SourceQuality "1"]
[WhiteTeam "Berlin Weisse Dame"]
[BlackTeam "Berlin Tegel II"]
[WhiteTeamCountry "GER"]
[BlackTeamCountry "GER"]

1. c4 e6 2. g3 d5 3. Bg2 c6 4. Nf3 Nf6 5. 0-0 Be7 6. b3 0-0 7. Bb2 a5 8. a3 Nbd7 9. d3 Re8 10. Qc2 Bf8 11. e4 dxe4 12. dxe4 e5 13. Nbd2 Qc7 14. Bc3 b5 15. Rfc1 Bb7 16. cxb5 cxb5 17. Qd3 Qb6 18. b4 Bc6 19. Qe2 Qb7 20. Ne1 axb4 21. axb4 Ra4 22. Nd3 Rea8 23. Rab1 Bd6 24. g4 h6 25. h4 Nh7 26. Nb3 Nhf8 27. Na5 R8xa5 28. bxa5 Bxe4 29. Ne1 Bxg2 30. Nxg2 Nf6 31. Qxb5 Qe4 32. g5 hxg5 33. hxg5 N6h7 34. Bd2 Qg4 35. a6 Rd4 36. Be3 Nxg5 37. Bxg5 Qxg5 38. a7 Qh6 39. a8Q e4 40. Qf5 g6 41. Qfxe4 Qh2+ 42. Kf1 Rxe4 43. Qxe4 Qh1+ 44. Ke2 Qh5+ 45. Qf3 Qe5+ 46. Kf1 Ne6 47. Re1 Qh2 48. Rxe6 1-0

[Event "Bundesliga 1617"]
[Site "Germany"]
[Date "2017.05.01"]
[Round "15.6"]
[White "Werle, Jan"]
[Black "Breier, Andreas"]
[Result "1-0"]
[WhiteElo "2555"]
[BlackElo "2380"]
[PlyCount "83"]
[EventDate "2016.10.15"]
[EventType "team-tourn"]
[EventRounds "15"]
[EventCountry "GER"]
[SourceTitle "CBM 178"]
[Source "ChessBase"]
[SourceDate "2017.05.14"]
[SourceVersion "1"]
[SourceVersionDate "2017.05.14"]
[SourceQuality "1"]
[WhiteTeam "Werder Bremen"]
[BlackTeam "Koenig Tegel"]
[WhiteTeamCountry "GER"]
[BlackTeamCountry "GER"]

1. d4 e6 2. c4 Bb4+ 3. Nd2 Nf6 4. a3 Be7 5. Ngf3 d5 6. e3 0-0 7. Bd3 b6 8. cxd5 exd5 9. Ne5 Bb7 10. b3 c5 11. Bb2 Nbd7 12. 0-0 Re8 13. f4 Bd6 14. Rf3 Ne4 15. Rh3 Ndf6 16. Nxe4 dxe4 17. Bc4 Rf8 18. d5 Qc8 19. Nc6 Qf5 20. Be5 Bxc6 21. Bxd6 Bxd5 22. Bxf8 Kxf8 23. g4 Qd7 24. Ra2 Bc6 25. Rd2 Qxg4+ 26. Qxg4 Nxg4 27. Rxh7 Nxe3 28. Bb5 Bxb5 29. Rh8+ Ke7 30. Rxa8 Ke6 31. Rxa7 Bd3 32. Rb7 Nd5 33. f5+ Kxf5 34. Rxf7+ Kg6 35. Rd7 Nf4 36. Kf2 b5 37. Ke3 Ne6 38. Rf2 Nd4 39. Rxd4 cxd4+ 40. Kxd4 Kg5 41. Rg2+ Kf6 42. Rd2 1-0

[Event "Oberliga Nord O 1617"]
[Site "Germany"]
[Date "2017.02.19"]
[Round "6.3"]
[White "Glantz, Robert"]
[Black "Breier, Andreas"]
[Result "1-0"]
[WhiteElo "2307"]
[BlackElo "2371"]
[PlyCount "153"]
[EventDate "2016.10.16"]
[EventType "team-tourn"]
[EventRounds "9"]
[EventCountry "GER"]
[SourceTitle "EXT 2018"]
[Source "ChessBase"]
[SourceDate "2017.10.13"]
[SourceVersion "1"]
[SourceVersionDate "2017.10.13"]
[SourceQuality "1"]
[WhiteTeam "Kreuzberg"]
[BlackTeam "Koenig Tegel"]
[WhiteTeamCountry "GER"]
[BlackTeamCountry "GER"]

1. d4 Nf6 2. Bf4 e6 3. e3 b6 4. Nf3 Bb7 5. Bd3 Ne4 6. Nbd2 d5 7. c3 Nd7 8. 0-0 Be7 9. h3 Ndf6 10. Ne5 0-0 11. f3 Nxd2 12. Qxd2 Nh5 13. Qc2 f5 14. Bh2 Bg5 15. f4 Be7 16. g4 Nf6 17. gxf5 exf5 18. Bxf5 Qe8 19. Be6+ Kh8 20. f5 Bc8 21. Rf3 Bd6 22. Bxc8 Rxc8 23. c4 Qh5 24. Raf1 dxc4 25. Nxc4 Bxh2+ 26. Qxh2 c5 27. Nd6 Rc6 28. dxc5 Rxc5 29. e4 Rc1 30. Qg3 Rc2 31. R1f2 Rc1+ 32. Rf1 Rc2 33. e5 Ne8 34. Nxe8 Rxe8 35. R1f2 Rc1+ 36. Kh2 Rc5 37. e6 Qh6 38. Rg2 Qf6 39. Rf4 h6 40. Qf2 Qe5 41. Qg3 Qf6 42. Qg4 Re7 43. Qf3 Rc8 44. Qe4 Rf8 45. Rgf2 Rd8 46. Re2 Rd1 47. Rc2 Rd8 48. Rff2 Rf8 49. Kg2 Rd8 50. Rc3 g6 51. fxg6 Qxe6 52. Qxe6 Rxe6 53. Rg3 Rg8 54. Rf7 Rexg6 55. Rxg6 Rxg6+ 56. Kf3 a5 57. Rb7 h5 58. Kf4 Kg8 59. Kf5 Rg3 60. Rxb6 Rxh3 61. a4 Kf7 62. Rb7+ Ke8 63. Ke6 Kd8 64. Kd6 Kc8 65. Rb5 Rh4 66. b3 Rh3 67. Kc6 h4 68. Kb6 Kb8 69. Kxa5+ Ka7 70. b4 Rg3 71. Rh5 Rg4 72. Rh7+ Kb8 73. b5 Kc8 74. b6 Kb8 75. Kb5 Kc8 76. a5 Rg1 77. Rh8+ 1-0

[Event "Bundesliga 1617"]
[Site "Germany"]
[Date "2016.10.16"]
[Round "2.8"]
[White "Breier, Andreas"]
[Black "Andersen, Mads"]
[Result "0-1"]
[WhiteElo "2380"]
[BlackElo "2542"]
[PlyCount "40"]
[EventDate "2016.10.15"]
[EventType "team-tourn"]
[EventRounds "15"]
[EventCountry "GER"]
[SourceTitle "EXT 2017"]
[Source "ChessBase"]
[SourceDate "2016.10.25"]
[SourceVersion "1"]
[SourceVersionDate "2016.10.25"]
[SourceQuality "1"]
[WhiteTeam "Koenig Tegel"]
[BlackTeam "Solingen"]
[WhiteTeamCountry "GER"]
[BlackTeamCountry "GER"]

1. d4 d5 2. c4 c6 3. Nf3 Nf6 4. cxd5 cxd5 5. Nc3 Nc6 6. Bf4 Bf5 7. e3 e6 8. Bd3 Bxd3 9. Qxd3 Be7 10. 0-0 0-0 11. Ne5 Nxe5 12. Bxe5 Nd7 13. Bg3 Nb6 14. Qb5 Rc8 15. Rfc1 Rc4 16. Qb3 Qd7 17. Ne2 Rfc8 18. Qd1 Qb5 19. b3 R4c6 20. a4 Qxe2 0-1

[Event "Oberliga Nord O 1415"]
[Site "Germany"]
[Date "2015.02.22"]
[Round "7.2"]
[White "Breier, Andreas"]
[Black "Berebora, Ferenc"]
[Result "1/2-1/2"]
[WhiteElo "2376"]
[BlackElo "2434"]
[PlyCount "215"]
[EventDate "2014.09.21"]
[EventType "team-tourn"]
[EventRounds "9"]
[EventCountry "GER"]
[SourceTitle "EXT 2016"]
[Source "ChessBase"]
[SourceDate "2015.10.08"]
[SourceVersion "1"]
[SourceVersionDate "2015.10.08"]
[SourceQuality "1"]
[WhiteTeam "Berlin Tegel II"]
[BlackTeam "Neuruppin"]
[WhiteTeamCountry "GER"]
[BlackTeamCountry "GER"]

1. d4 Nf6 2. c4 g6 3. Nc3 d5 4. Nf3 Bg7 5. Qb3 dxc4 6. Qxc4 0-0 7. e4 Bg4 8. Be3 Nbd7 9. Be2 Nb6 10. Qc5 Nfd7 11. Qa3 e5 12. Bg5 Qc8 13. d5 c6 14. Rc1 Re8 15. dxc6 bxc6 16. Ba6 Qb8 17. Be7 Bxf3 18. gxf3 Bf8 19. Bxf8 Nxf8 20. Ne2 Qc7 21. h4 h5 22. Qc5 Re6 23. b3 Rd8 24. Rg1 Qd6 25. Qxd6 Rdxd6 26. Ng3 Kh7 27. Ke2 Rf6 28. Rgd1 Rxd1 29. Rxd1 Ne6 30. Ke3 Nd4 31. Be2 Rd6 32. Rc1 f5 33. f4 exf4+ 34. Kxf4 Nxe2+ 35. Nxe2 fxe4 36. Kxe4 Re6+ 37. Kd3 Nd5 38. Rc4 Rf6 39. f4 Rd6 40. Ke4 Re6+ 41. Kf3 Re3+ 42. Kf2 Rh3 43. Rxc6 Rxh4 44. Kg3 Rh1 45. Ra6 h4+ 46. Kg2 Rb1 47. Rxa7+ Kh6 48. Ra8 Ne3+ 49. Kf3 Nf5 50. Rh8+ Kg7 51. Rc8 Rb2 52. Rc1 Rd2 53. Rh1 h3 54. b4 h2 55. b5 Rb2 56. Re1 Rxb5 57. Rh1 Rb3+ 58. Kf2 Rh3 59. Kg2 Re3 60. Nc1 Re4 61. Rxh2 Rxf4 62. Ne2 Rc4 63. Rh3 Rc2 64. Kf1 g5 65. Rc3 Rxa2 66. Ng3 Nh4 67. Ne4 Kg6 68. Rg3 Kf5 69. Nxg5 Kf4 70. Rb3 Kxg5 71. Rb4 Nf3 72. Rg4+ Kh5 73. Rg8 Ng5 74. Ke1 Kg4 75. Kd1 Kf4 76. Kc1 Ne4 77. Rh8 Ke3 78. Rh3+ Kd4 79. Rh4 Rg2 80. Rh8 Nc5 81. Rd8+ Kc4 82. Kd1 Kc3 83. Rc8 Kd3 84. Rd8+ Ke3 85. Re8+ Ne4 86. Kc1 Re2 87. Rd8 Rh2 88. Re8 Rh7 89. Kc2 Rc7+ 90. Kb3 Rd7 91. Rh8 Kd4 92. Rh4 Rc7 93. Kb2 Rb7+ 94. Kc2 Rb4 95. Rh8 Rc4+ 96. Kb2 Rc6 97. Rh4 Re6 98. Kb3 Re5 99. Kb4 Rg5 100. Rh8 Nd6 101. Rh4+ Kd5 102. Kc3 Ne4+ 103. Kb4 Rg8 104. Kb3 Rg3+ 105. Kb2 Kd4 106. Kc2 Rc3+ 107. Kb2 Rc8 108. Kb3 1/2-1/2

[Event "Bundesliga 1314"]
[Site "Germany"]
[Date "2014.02.23"]
[Round "10.8"]
[White "Noe, Christopher"]
[Black "Breier, Andreas"]
[Result "1-0"]
[WhiteElo "2245"]
[BlackElo "2387"]
[PlyCount "89"]
[EventDate "2013.10.12"]
[EventType "team-tourn"]
[EventRounds "15"]
[EventCountry "GER"]
[SourceTitle "CBM 159"]
[Source "ChessBase"]
[SourceDate "2014.03.17"]
[SourceVersion "1"]
[SourceVersionDate "2014.03.17"]
[SourceQuality "1"]
[WhiteTeam "Eppingen"]
[BlackTeam "Koenig Tegel"]
[WhiteTeamCountry "GER"]
[BlackTeamCountry "GER"]

1. Nf3 c5 2. c4 g6 3. d4 cxd4 4. Nxd4 Bg7 5. e4 Nc6 6. Be3 Nf6 7. Nc3 Ng4 8. Qxg4 Nxd4 9. Qd1 Nc6 10. Qd2 d6 11. Be2 Qa5 12. Rc1 Be6 13. f3 h5 14. 0-0 h4 15. h3 Rc8 16. f4 Bh6 17. a3 Bg7 18. b4 Qd8 19. f5 gxf5 20. exf5 Bd7 21. Nd5 Ne5 22. b5 b6 23. a4 Rb8 24. a5 e6 25. Nf4 exf5 26. Nh5 Rxh5 27. Bxh5 Be6 28. Be2 Rc8 29. axb6 axb6 30. Bg5 Qd7 31. Bxh4 Nxc4 32. Bxc4 Rxc4 33. Rxc4 Bxc4 34. Re1+ Kf8 35. Be7+ Kg8 36. Qg5 Qe8 37. Bf6 Qxe1+ 38. Kh2 Qe5+ 39. Bxe5 dxe5 40. Qd8+ Bf8 41. Qxb6 e4 42. Qc6 Bd3 43. b6 e3 44. b7 e2 45. Qe8 1-0

[Event "Bundesliga 1314"]
[Site "Germany"]
[Date "2013.12.15"]
[Round "6.8"]
[White "Gonda, Laszlo"]
[Black "Breier, Andreas"]
[Result "1-0"]
[WhiteElo "2535"]
[BlackElo "2387"]
[PlyCount "53"]
[EventDate "2013.10.12"]
[EventType "team-tourn"]
[EventRounds "15"]
[EventCountry "GER"]
[SourceTitle "CBM 158"]
[Source "ChessBase"]
[SourceDate "2014.01.16"]
[SourceVersion "1"]
[SourceVersionDate "2014.01.16"]
[SourceQuality "1"]
[WhiteTeam "Trier"]
[BlackTeam "Koenig Tegel"]
[WhiteTeamCountry "GER"]
[BlackTeamCountry "GER"]

1. Nf3 d5 2. g3 Nf6 3. Bg2 Bf5 4. d3 Nc6 5. Nh4 Be6 6. Nd2 g5 7. Nhf3 g4 8. Nh4 Bh6 9. Nb3 Bxc1 10. Qxc1 Qd6 11. c3 0-0-0 12. d4 Nd7 13. Qc2 Rdg8 14. 0-0-0 Rg5 15. f4 gxf3 16. exf3 Rh5 17. Rhe1 Rg8 18. Bf1 Rxh4 19. gxh4 Qf4+ 20. Qd2 Qxf3 21. Bd3 Nf6 22. Nc5 Bg4 23. Rg1 h5 24. Rde1 Qh3 25. Qf2 Be6 26. Rxg8+ Nxg8 27. Re3 1-0

[Event "Bundesliga 1112"]
[Site "Germany"]
[Date "2012.04.15"]
[Round "15.6"]
[White "Pruijssers, Roeland"]
[Black "Breier, Andreas"]
[Result "1-0"]
[WhiteElo "2475"]
[BlackElo "2400"]
[PlyCount "71"]
[EventDate "2011.10.14"]
[EventType "team-tourn"]
[EventRounds "15"]
[EventCountry "GER"]
[SourceTitle "CBM 148"]
[Source "ChessBase"]
[SourceDate "2012.05.16"]
[SourceVersion "1"]
[SourceVersionDate "2012.05.16"]
[SourceQuality "1"]
[WhiteTeam "Emsdetten Turm"]
[BlackTeam "Koenig Tegel"]
[WhiteTeamCountry "GER"]
[BlackTeamCountry "GER"]

1. e4 c5 2. Nf3 d6 3. d4 cxd4 4. Nxd4 Nf6 5. Nc3 a6 6. Be3 e5 7. Nb3 Be6 8. Qd2 Nbd7 9. 0-0-0 b5 10. f4 Ng4 11. g3 Nxe3 12. Qxe3 Be7 13. Kb1 Qb6 14. Qe1 Nf6 15. Nd5 Nxd5 16. exd5 Bg4 17. Be2 Bxe2 18. Qxe2 Bf6 19. Nd2 g6 20. Rhf1 0-0 21. f5 Rac8 22. Ne4 Bg7 23. g4 Rfd8 24. h4 Rc4 25. b3 Rd4 26. f6 Rxd1+ 27. Rxd1 Bh6 28. g5 Bf8 29. h5 Qb7 30. Qg4 gxh5 31. Qxh5 Qc8 32. Rf1 a5 33. Ng3 Qc3 34. Rh1 h6 35. Nf5 Rc8 36. Rc1 1-0

[Event "Bundesliga 1112"]
[Site "Germany"]
[Date "2012.04.14"]
[Round "14.6"]
[White "Breier, Andreas"]
[Black "Rapport, Richard"]
[Result "0-1"]
[WhiteElo "2400"]
[BlackElo "2547"]
[PlyCount "76"]
[EventDate "2011.10.14"]
[EventType "team-tourn"]
[EventRounds "15"]
[EventCountry "GER"]
[SourceTitle "CBM 148"]
[Source "ChessBase"]
[SourceDate "2012.05.16"]
[SourceVersion "1"]
[SourceVersionDate "2012.05.16"]
[SourceQuality "1"]
[WhiteTeam "Koenig Tegel"]
[BlackTeam "Werder Bremen"]
[WhiteTeamCountry "GER"]
[BlackTeamCountry "GER"]

1. d4 Nf6 2. Nf3 d6 3. g3 g6 4. Bg2 Bg7 5. 0-0 0-0 6. c4 Nc6 7. Nc3 Rb8 8. e4 Bg4 9. h3 Bxf3 10. Bxf3 Nd7 11. Be3 e5 12. d5 Nd4 13. Bg2 c5 14. Qd2 a6 15. Bg5 f6 16. Be3 f5 17. Bg5 Qc7 18. Ne2 f4 19. gxf4 Nxe2+ 20. Qxe2 exf4 21. f3 b5 22. cxb5 Rxb5 23. Rab1 c4 24. Rfc1 Ne5 25. Bf1 h6 26. Bh4 Rfb8 27. Kg2 Qa5 28. a3 Rb3 29. Be1 Qb6 30. Bc3 Nd3 31. Bxg7 Nxc1 32. Rxc1 Kxg7 33. Rxc4 Rxb2 34. Rc2 Rxc2 35. Qxc2 Qb2 36. Qxb2+ Rxb2+ 37. Kg1 a5 38. a4 Kf6 0-1

[Event "Bundesliga 1112"]
[Site "Germany"]
[Date "2011.10.16"]
[Round "3.5"]
[White "Breier, Andreas"]
[Black "Rustemov, Alexander"]
[Result "0-1"]
[WhiteElo "2400"]
[BlackElo "2537"]
[PlyCount "84"]
[EventDate "2011.10.14"]
[EventType "team-tourn"]
[EventRounds "15"]
[EventCountry "GER"]
[SourceTitle "CBM 145"]
[Source "ChessBase"]
[SourceDate "2011.11.11"]
[SourceVersion "1"]
[SourceVersionDate "2011.11.11"]
[SourceQuality "1"]
[WhiteTeam "Koenig Tegel"]
[BlackTeam "Wattenscheid"]
[WhiteTeamCountry "GER"]
[BlackTeamCountry "GER"]

1. d4 d5 2. c4 dxc4 3. e4 Nf6 4. e5 Nd5 5. Bxc4 Nb6 6. Bd3 Nc6 7. Ne2 Be6 8. Nbc3 Qd7 9. Be3 0-0-0 10. 0-0 Bc4 11. Be4 e6 12. b3 Ba6 13. a3 f6 14. f4 f5 15. Bf3 h6 16. g4 Ne7 17. Qc2 g6 18. h3 Kb8 19. Rfc1 c6 20. Na4 Ned5 21. Bf2 Bxe2 22. Nxb6 axb6 23. Qxe2 Nxf4 24. Qf1 fxg4 25. hxg4 h5 26. Be3 hxg4 27. Bxg4 Nd5 28. Bf2 Bh6 29. Re1 Bf4 30. Qg2 Rdf8 31. Bh3 Rh6 32. Rad1 Rfh8 33. Bg4 Qh7 34. Bg3 Rh1+ 35. Kf2 Bxg3+ 36. Qxg3 Qf7+ 37. Ke2 R1h2+ 38. Kd3 Rg2 39. Qf3 Qxf3+ 40. Bxf3 Rg3 41. Rf1 Rhh3 42. Ke4 Nc3+ 0-1

[Event "Collado Villalba op-A 27th"]
[Site "Collado Villalba"]
[Date "2010.08.26"]
[Round "7"]
[White "Breier, Andreas"]
[Black "Parligras, Mircea Emilian"]
[Result "0-1"]
[WhiteElo "2399"]
[BlackElo "2574"]
[PlyCount "128"]
[EventDate "2010.08.20"]
[EventType "swiss"]
[EventRounds "10"]
[EventCountry "ESP"]
[SourceTitle "CBM 138 Extra"]
[Source "ChessBase"]
[SourceDate "2010.10.29"]
[SourceVersion "1"]
[SourceVersionDate "2010.10.29"]
[SourceQuality "1"]

1. d4 Nf6 2. c4 e6 3. Nf3 b6 4. g3 Ba6 5. b3 Bb4+ 6. Bd2 Be7 7. Bg2 c6 8. Bc3 d5 9. Ne5 Nfd7 10. Nxd7 Nxd7 11. Nd2 0-0 12. 0-0 Rb8 13. a4 Nf6 14. e4 c5 15. Re1 cxd4 16. Bxd4 dxc4 17. Nxc4 Bxc4 18. bxc4 Qc7 19. Qe2 Rbc8 20. Rec1 Rfd8 21. Be3 Bc5 22. Bg5 Bd4 23. Ra2 Qc5 24. Bd2 Nd7 25. Bf1 Ne5 26. Kg2 f5 27. Bf4 Ng6 28. Bg5 Rf8 29. exf5 exf5 30. Qe6+ Kh8 31. Qd5 f4 32. Qxc5 Rxc5 33. Bxf4 Nxf4+ 34. gxf4 Rxf4 35. Bd3 Rg5+ 36. Kf1 Rfg4 37. Rb1 Rg1+ 38. Ke2 R1g2 39. Kf3 Rxh2 40. Rb5 Bc5 41. a5 g6 42. axb6 axb6 43. Be4 Rgg2 44. Rbb2 Kg7 45. Re2 Kf6 46. Bd5 h5 47. Bc6 g5 48. Rad2 g4+ 49. Kf4 Rxf2+ 50. Rxf2 Bxf2 51. Rd6+ Ke7 52. Rd7+ Ke6 53. Rh7 Kd6 54. Be8 g3 55. Kf3 h4 56. Rh6+ Kc5 57. Rc6+ Kb4 58. Bd7 Bc5 59. Rg6 Kxc4 60. Bc6 b5 61. Rg4+ Bd4 62. Bxb5+ Kxb5 63. Rxd4 g2 64. Rd1 h3 0-1

[Event "Rethymno op 2nd"]
[Site "Rethymno"]
[Date "2010.07.20"]
[Round "9"]
[White "Breier, Andreas"]
[Black "Malikentzos, Sotirios"]
[Result "1/2-1/2"]
[WhiteElo "2399"]
[BlackElo "2239"]
[PlyCount "110"]
[EventDate "2010.07.13"]
[EventType "swiss"]
[EventRounds "9"]
[EventCountry "GRE"]
[SourceTitle "CBM 137 Extra"]
[Source "ChessBase"]
[SourceDate "2010.09.01"]
[SourceVersion "1"]
[SourceVersionDate "2010.09.01"]
[SourceQuality "1"]

1. d4 d5 2. c4 c6 3. Nf3 Nf6 4. Nc3 e6 5. e3 Nbd7 6. Qc2 b6 7. Bd3 Bb7 8. cxd5 cxd5 9. Ne5 Be7 10. Qa4 0-0 11. Nc6 Bxc6 12. Qxc6 a6 13. Qa4 b5 14. Qd1 e5 15. dxe5 Nxe5 16. Bf5 g6 17. Bh3 Qb6 18. 0-0 Rad8 19. Ne2 Ne4 20. g3 Nf3+ 21. Kh1 Nfg5 22. Bg2 Ne6 23. f3 Nd6 24. Nc3 Nc7 25. Qe2 Bf6 26. e4 Rfe8 27. Be3 d4 28. Bg1 Nc4 29. f4 d3 30. Qg4 Bd4 31. e5 Bxg1 32. Rxg1 Nxb2 33. Ne4 Re6 34. Qh4 Rd4 35. Nf6+ Rxf6 36. Qxf6 Qxf6 37. exf6 d2 38. Bf3 Nd5 39. Rab1 Nc4 40. Bxd5 Rxd5 41. Rgd1 Ne3 42. Kg1 Nxd1 43. Rxd1 Kf8 44. Kf2 Ke8 45. Ke3 Kd7 46. Rxd2 Rxd2 47. Kxd2 Ke6 48. Kc3 a5 49. Kd4 Kd6 50. g4 h6 51. h3 g5 52. fxg5 hxg5 53. Ke4 Kc5 54. Ke5 Kc6 55. Kd4 Kd6 1/2-1/2

[Event "Rethymno op 2nd"]
[Site "Rethymno"]
[Date "2010.07.18"]
[Round "7"]
[White "Breier, Andreas"]
[Black "Orlov, Andrey"]
[Result "1/2-1/2"]
[WhiteElo "2399"]
[BlackElo "2502"]
[PlyCount "26"]
[EventDate "2010.07.13"]
[EventType "swiss"]
[EventRounds "9"]
[EventCountry "GRE"]
[SourceTitle "CBM 137 Extra"]
[Source "ChessBase"]
[SourceDate "2010.09.01"]
[SourceVersion "1"]
[SourceVersionDate "2010.09.01"]
[SourceQuality "1"]

1. d4 Nf6 2. c4 d6 3. Nc3 e5 4. Nf3 Nbd7 5. e4 exd4 6. Nxd4 g6 7. Be2 Bg7 8. 0-0 0-0 9. f3 Re8 10. Be3 c6 11. Nc2 Nb6 12. c5 dxc5 13. Bxc5 Be6 1/2-1/2

[Event "Rethymno op 2nd"]
[Site "Rethymno"]
[Date "2010.07.17"]
[Round "6"]
[White "Pap, Misa"]
[Black "Breier, Andreas"]
[Result "1/2-1/2"]
[WhiteElo "2509"]
[BlackElo "2399"]
[PlyCount "162"]
[EventDate "2010.07.13"]
[EventType "swiss"]
[EventRounds "9"]
[EventCountry "GRE"]
[SourceTitle "CBM 137 Extra"]
[Source "ChessBase"]
[SourceDate "2010.09.01"]
[SourceVersion "1"]
[SourceVersionDate "2010.09.01"]
[SourceQuality "1"]

1. e4 c5 2. c3 Nf6 3. e5 Nd5 4. Nf3 d6 5. d4 cxd4 6. Bc4 e6 7. cxd4 Nc6 8. Qe2 Be7 9. 0-0 0-0 10. Rd1 Na5 11. Bd3 Nb4 12. exd6 Qxd6 13. Nc3 Nxd3 14. Qxd3 Rd8 15. Qb5 b6 16. Qh5 Bb7 17. Ne5 g6 18. Qh6 Bf8 19. Qh4 f5 20. Bg5 Rdc8 21. Rd3 Rc7 22. Rh3 Rg7 23. Bh6 Re7 24. Bf4 Rg7 25. Nf7 Qxd4 26. Rd1 g5 27. Nh6+ Kh8 28. Rxd4 gxh4 29. Be5 Bxg2 30. Rhxh4 Bd5+ 31. Bxg7+ Bxg7 32. Nxd5 Bxd4 33. Rxd4 Kg7 34. Nxf5+ exf5 35. Ne3 Kf6 36. Rd6+ Ke5 37. Rh6 Rg8+ 38. Kf1 Rg7 39. Ke2 Nb7 40. b4 Rf7 41. a3 Rc7 42. h3 Nd8 43. Rh5 Rf7 44. Kf3 Ne6 45. Ng4+ Kd5 46. Nh6 Nd4+ 47. Kf4 Rf6 48. Ng4 Ne6+ 49. Ke3 Rf8 50. Nh2 Kc4 51. Nf3 Kb3 52. Rxh7 Kxa3 53. Re7 Rf6 54. b5 Kb4 55. Rxa7 Kxb5 56. h4 Kc4 57. Ne5+ Kd5 58. Nd7 Rh6 59. Nxb6+ Kc6 60. Nc8 f4+ 61. Ke4 Rxh4 62. Ra6+ Kd7 63. Rd6+ Kxc8 64. Rxe6 Kd7 65. Re5 Kd6 66. f3 Rh1 67. Ra5 Rh4 68. Ra6+ Ke7 69. Kf5 Rh5+ 70. Kxf4 Rb5 71. Kg4 Kf7 72. f4 Rc5 73. Ra7+ Kf6 74. Ra6+ Kf7 75. Rh6 Ra5 76. Rc6 Rb5 77. f5 Rb1 78. Rc7+ Kf6 79. Rc6+ Kf7 80. Kg5 Rg1+ 81. Kf4 Rf1+ 1/2-1/2

[Event "Bundesliga 0910"]
[Site "Germany"]
[Date "2009.10.18"]
[Round "2.8"]
[White "Breier, Andreas"]
[Black "Sebastian, Dirk"]
[Result "1-0"]
[WhiteElo "2405"]
[BlackElo "2443"]
[PlyCount "71"]
[EventDate "2009.10.16"]
[EventType "team-tourn"]
[EventRounds "15"]
[EventCountry "GER"]
[SourceTitle "CBM 132 Extra"]
[Source "ChessBase"]
[SourceDate "2009.11.03"]
[SourceVersion "1"]
[SourceVersionDate "2009.11.03"]
[SourceQuality "1"]
[WhiteTeam "Koenig Tegel"]
[BlackTeam "Hamburger SK"]
[WhiteTeamCountry "GER"]
[BlackTeamCountry "GER"]

1. d4 g6 2. Nf3 Bg7 3. g3 d6 4. Bg2 Nd7 5. c4 e5 6. Nc3 Ne7 7. dxe5 dxe5 8. 0-0 0-0 9. e4 Nc5 10. Bg5 f6 11. Be3 Ne6 12. Bh3 Qxd1 13. Rfxd1 Nd4 14. Bxc8 Nxf3+ 15. Kg2 Raxc8 16. Kxf3 Nc6 17. Kg2 Rf7 18. Rd2 f5 19. f3 Nd4 20. Nb5 a6 21. Nxd4 exd4 22. Bxd4 fxe4 23. fxe4 Rd8 24. Be3 Rxd2+ 25. Bxd2 Bxb2 26. Rb1 Bd4 27. Bf4 c5 28. h4 Re7 29. Kf3 Kf7 30. Rb6 Ke8 31. a4 Rf7 32. e5 Rc7 33. Ke4 Bc3 34. Kd5 Ba5 35. Rd6 b5 36. Rxa6 1-0

[Event "Oberliga Nord O 0506"]
[Site "Germany"]
[Date "2005.11.27"]
[Round "3.1"]
[White "Breier, Andreas"]
[Black "Giemsa, Stephan"]
[Result "1-0"]
[WhiteElo "2365"]
[BlackElo "2306"]
[PlyCount "81"]
[EventDate "2005.10.23"]
[EventType "team-tourn"]
[EventRounds "9"]
[EventCountry "GER"]
[SourceTitle "EXT 2007"]
[Source "ChessBase"]
[SourceDate "2006.11.23"]
[SourceVersion "1"]
[SourceVersionDate "2006.11.23"]
[SourceQuality "1"]
[WhiteTeam "Berlin II"]
[BlackTeam "Koenig Tegel II"]
[WhiteTeamCountry "GER"]
[BlackTeamCountry "GER"]

1. c4 c5 2. Nf3 Nf6 3. Nc3 Nc6 4. d4 cxd4 5. Nxd4 g6 6. e4 Bg7 7. Be3 0-0 8. Be2 b6 9. 0-0 Bb7 10. f3 Nh5 11. Qd2 Nf4 12. Rfd1 Nxe2+ 13. Ndxe2 d6 14. Rac1 Rc8 15. b3 Qd7 16. Nd5 f5 17. exf5 gxf5 18. Nef4 Ne5 19. Nh5 e6 20. Ndf4 Bxf3 21. Nxg7 Bxd1 22. Ngxe6 Bf3 23. Nxf8 Rxf8 24. Bd4 Bc6 25. Re1 Re8 26. Nh5 Qe7 27. Bxe5 dxe5 28. Qh6 Rc8 29. Re3 Be8 30. Nf6+ Kh8 31. Rxe5 Qf7 32. Nd5 Qg7 33. Qxg7+ Kxg7 34. Re7+ Bf7 35. Rxa7 b5 36. cxb5 Rc1+ 37. Kf2 Kg6 38. Ne7+ Kf6 39. b6 f4 40. b7 Bh5 41. b8Q 1-0